[Event "Frankfurt-chA"]
[Site "Frankfurt"]
[Date "2014.05.19"]
[Round "4"]
[White "Geringer, Waldemar"]
[Black "Jung, Bernd"]
[Result "1-0"]
[WhiteElo "1858"]
[BlackElo "1618"]
[PlyCount "89"]
[EventDate "2014.04.28"]
[EventType "swiss"]
[EventRounds "7"]
[EventCountry "GER"]
[SourceTitle "EXT 2015"]
[Source "ChessBase"]
[SourceDate "2014.11.20"]
[SourceVersion "1"]
[SourceVersionDate "2014.11.20"]
[SourceQuality "1"]

1. d4 Nf6 2. c4 e5 3. dxe5 Ng4 4. Bf4 Nc6 5. Nf3 Bb4+ 6. Nbd2 Qe7 7. e3 Ngxe5 8. Nxe5 Nxe5 9. Be2 0-0 10. 0-0 Bxd2 11. Qxd2 d6 12. Rac1 Ng6 13. Bg3 Ne5 14. b4 b6 15. c5 dxc5 16. bxc5 Rd8 17. Qc3 Rd5 18. cxb6 cxb6 19. Qxc8+ Rxc8 20. Rxc8+ Rd8 21. Rxd8+ Qxd8 22. Bxe5 h6 23. Rd1 Qe7 24. Bd6 Qe6 25. a3 Qb3 26. h3 Qb2 27. Bf3 Qc2 28. Be7 Qc4 29. g4 Qe6 30. Bb4 Qc4 31. Rd8+ Kh7 32. Rd4 Qc7 33. Be4+ g6 34. Bd6 Qd7 35. Bg3 Qe7 36. a4 Qe6 37. Bd5 Qd7 38. Bb3 Qc6 39. Bxf7 b5 40. axb5 Qxb5 41. Rd6 g5 42. Be6 a5 43. Rd7+ Kg6 44. Bf5+ Kf6 45. e4 1-0

[Event "Frankfurt-chA"]
[Site "Frankfurt"]
[Date "2014.05.12"]
[Round "3"]
[White "Krischak, Werner"]
[Black "Geringer, Waldemar"]
[Result "1-0"]
[WhiteElo "1609"]
[BlackElo "1858"]
[PlyCount "83"]
[EventDate "2014.04.28"]
[EventType "swiss"]
[EventRounds "7"]
[EventCountry "GER"]
[SourceTitle "EXT 2015"]
[Source "ChessBase"]
[SourceDate "2014.11.20"]
[SourceVersion "1"]
[SourceVersionDate "2014.11.20"]
[SourceQuality "1"]

1. d4 Nf6 2. Nf3 g6 3. c4 Bg7 4. Nc3 0-0 5. e4 d6 6. Be2 Nc6 7. d5 Ne5 8. Nxe5 dxe5 9. Be3 e6 10. 0-0 exd5 11. cxd5 Qe7 12. Rc1 a6 13. Qd2 Rd8 14. Rfd1 Ne8 15. f3 f5 16. Na4 f4 17. Bf2 g5 18. Qc2 h5 19. Qc5 Qf6 20. Qb4 g4 21. Bc5 Kf7 22. d6 g3 23. Bc4+ Kg6 24. dxc7 Rxd1+ 25. Rxd1 Qh4 26. h3 b5 27. Bf1 bxa4 28. Qb8 Nxc7 29. Qxc7 Bf6 30. Qc6 Rb8 31. Qe8+ Kh7 32. Qf7+ Bg7 33. Be7 Rb7 34. Rd7 Rxd7 35. Qf5+ Kg8 36. Bxh4 Rc7 37. Qxh5 Bd7 38. Qg5 Rc8 39. Qe7 Bxh3 40. gxh3 Rc1 41. Qe6+ Kh7 42. Bf6 1-0

[Event "Karl Mala Memorial op 15th"]
[Site "Frankfurt"]
[Date "2012.07.07"]
[Round "5"]
[White "Geringer, Waldemar"]
[Black "Guth, Susanne"]
[Result "1-0"]
[WhiteElo "1978"]
[BlackElo "1760"]
[PlyCount "57"]
[EventDate "2012.07.05"]
[EventType "swiss"]
[EventRounds "7"]
[EventCountry "GER"]
[SourceTitle "CBM 149 Extra"]
[Source "ChessBase"]
[SourceDate "2012.08.24"]
[SourceVersion "1"]
[SourceVersionDate "2012.08.24"]
[SourceQuality "1"]

1. d4 d5 2. Nf3 Nf6 3. c4 e6 4. g3 Be7 5. Bg2 0-0 6. Qc2 dxc4 7. 0-0 a6 8. Rd1 b5 9. Ng5 c6 10. a4 Bb7 11. Nc3 Nbd7 12. e4 g6 13. d5 exd5 14. exd5 Nxd5 15. Nxd5 cxd5 16. Bxd5 Bxd5 17. Rxd5 Qc8 18. axb5 Nf6 19. Re5 Bd6 20. Qc3 Bxe5 21. Qxe5 Qf5 22. Qxf5 gxf5 23. bxa6 Rfd8 24. Be3 Nd5 25. Bc5 Nf6 26. Be7 Nd5 27. Bxd8 Rxd8 28. Rd1 h6 29. Nh3 1-0

[Event "Karl Mala Memorial op 15th"]
[Site "Frankfurt"]
[Date "2012.07.06"]
[Round "3"]
[White "Roehlich, Philipp"]
[Black "Geringer, Waldemar"]
[Result "1-0"]
[WhiteElo "1757"]
[BlackElo "1978"]
[PlyCount "69"]
[EventDate "2012.07.05"]
[EventType "swiss"]
[EventRounds "7"]
[EventCountry "GER"]
[SourceTitle "CBM 149 Extra"]
[Source "ChessBase"]
[SourceDate "2012.08.24"]
[SourceVersion "1"]
[SourceVersionDate "2012.08.24"]
[SourceQuality "1"]

1. e4 c5 2. Nf3 d6 3. Bb5+ Bd7 4. Bxd7+ Qxd7 5. 0-0 g6 6. c3 Bg7 7. d4 cxd4 8. cxd4 Nf6 9. Qe2 0-0 10. Nc3 Nc6 11. Rd1 e6 12. Bf4 d5 13. e5 Ne8 14. Rac1 Nc7 15. a3 f6 16. exf6 Rxf6 17. Bg3 Raf8 18. Na4 Na6 19. Nc5 Nxc5 20. Rxc5 Rc8 21. Rdc1 Bh6 22. Ne5 Qe8 23. Nxc6 Rxc6 24. Rxc6 bxc6 25. Rc3 Bf4 26. Rf3 g5 27. Bxf4 gxf4 28. Qe5 Qf7 29. g3 Qg6 30. Kg2 Rf5 31. Qb8+ Rf8 32. Qxa7 Qe4 33. Qc5 Rf7 34. Qxc6 fxg3 35. Qe8+ 1-0

[Event "Karl Mala Memorial op 15th"]
[Site "Frankfurt"]
[Date "2012.07.05"]
[Round "1"]
[White "Geringer, Waldemar"]
[Black "Busch, Silvan"]
[Result "1-0"]
[WhiteElo "1978"]
[BlackElo "1446"]
[PlyCount "73"]
[EventDate "2012.07.05"]
[EventType "swiss"]
[EventRounds "7"]
[EventCountry "GER"]
[SourceTitle "CBM 149 Extra"]
[Source "ChessBase"]
[SourceDate "2012.08.24"]
[SourceVersion "1"]
[SourceVersionDate "2012.08.24"]
[SourceQuality "1"]

1. d4 d5 2. Nf3 Nc6 3. c4 dxc4 4. e4 g6 5. Bxc4 Bg7 6. e5 Bf5 7. 0-0 Qd7 8. Bb5 a6 9. Qa4 Rd8 10. Bxc6 Qxc6 11. Qxc6+ bxc6 12. Be3 f6 13. exf6 Bxf6 14. Rc1 Be4 15. Nbd2 Bd5 16. Rc5 e6 17. Ra5 Ra8 18. Bf4 Ra7 19. Ne5 Ne7 20. g4 g5 21. Bg3 h5 22. f3 h4 23. Bf2 Rf8 24. Re1 Bxe5 25. Rxe5 Ng6 26. Rxg5 Nf4 27. Rg7 h3 28. Be3 Nd3 29. Bg5 Rf7 30. Rg8+ Rf8 31. Rxf8+ Kxf8 32. b3 Nb4 33. Kf2 Kf7 34. Bf4 Kg6 35. Kg3 Nd3 36. Be5 Nxe5 37. dxe5 1-0

[Event "Rhein Main op-A 15th"]
[Site "Bad Homburg"]
[Date "2012.06.10"]
[Round "7"]
[White "Goloborodko, Dimitri"]
[Black "Geringer, Waldemar"]
[Result "1-0"]
[WhiteElo "2125"]
[BlackElo "1973"]
[PlyCount "99"]
[EventDate "2012.06.06"]
[EventType "swiss"]
[EventRounds "7"]
[EventCountry "GER"]
[SourceTitle "EXT 2013"]
[Source "ChessBase"]
[SourceDate "2012.11.22"]
[SourceVersion "1"]
[SourceVersionDate "2012.11.22"]
[SourceQuality "1"]

1. d4 Nf6 2. c4 g6 3. Nc3 Bg7 4. e4 d6 5. f3 0-0 6. Be3 e5 7. d5 a6 8. Bd3 Nh5 9. Qd2 f5 10. exf5 gxf5 11. Nge2 f4 12. Bf2 Bf5 13. 0-0-0 Bxd3 14. Qxd3 Nd7 15. Ne4 b6 16. g4 Nhf6 17. N2c3 Nc5 18. Bxc5 bxc5 19. Ng5 Re8 20. h4 Qe7 21. Nce4 Bh8 22. h5 Nxe4 23. Nxe4 Rf8 24. h6 Kf7 25. g5 Rg8 26. Rhg1 Rg6 27. Rg4 Qd8 28. Qc2 Rb8 29. Rd3 Rb6 30. Ra3 Kf8 31. Qa4 Rb4 32. Qxa6 Kf7 33. Ra4 Qb8 34. Rxb4 Qxb4 35. Rg1 Rg8 36. Qb5 Kg6 37. Qxb4 cxb4 38. Kc2 Rc8 39. Kb3 Rb8 40. Rc1 Kf5 41. c5 Ra8 42. cxd6 cxd6 43. Rc6 Rd8 44. Kxb4 Rb8+ 45. Kc3 Ra8 46. a3 Ra4 47. Rc8 Rxe4 48. fxe4+ Kxg5 49. Rxh8 Kxh6 50. Rg8 1-0

[Event "Rhein Main op-A 15th"]
[Site "Bad Homburg"]
[Date "2012.06.09"]
[Round "6"]
[White "Geringer, Waldemar"]
[Black "Von Auer, Ulrich"]
[Result "0-1"]
[WhiteElo "1973"]
[BlackElo "2092"]
[PlyCount "90"]
[EventDate "2012.06.06"]
[EventType "swiss"]
[EventRounds "7"]
[EventCountry "GER"]
[SourceTitle "EXT 2013"]
[Source "ChessBase"]
[SourceDate "2012.11.22"]
[SourceVersion "1"]
[SourceVersionDate "2012.11.22"]
[SourceQuality "1"]

1. d4 Nf6 2. c4 g6 3. Nc3 d5 4. cxd5 Nxd5 5. e4 Nxc3 6. bxc3 Bg7 7. Nf3 c5 8. Rb1 0-0 9. Be2 cxd4 10. cxd4 Qa5+ 11. Bd2 Qxa2 12. 0-0 Bg4 13. Bg5 h6 14. Be3 Nc6 15. d5 Ne5 16. Rxb7 e6 17. d6 Rfd8 18. Re1 Bxf3 19. gxf3 Bf8 20. d7 Qa5 21. f4 Rxd7 22. Rxd7 Nxd7 23. Kf1 Bb4 24. Qxd7 Bxe1 25. Qb7 Rf8 26. Qxa7 Qxa7 27. Bxa7 Bd2 28. Be3 Bxe3 29. fxe3 Ra8 30. Kf2 Ra2 31. Kf3 Kf8 32. h3 Ke7 33. Bb5 f6 34. Bc6 Ra3 35. Bb5 e5 36. f5 g5 37. Bc6 Kd6 38. Be8 Kc5 39. Bf7 Kb4 40. Be8 Kc4 41. Bc6 h5 42. Be8 h4 43. Bc6 Kd3 44. Kg4 Kxe3 45. Kh5 Kd4 0-1

[Event "Hessen-chA"]
[Site "Offenbach"]
[Date "2012.04.06"]
[Round "6"]
[White "Guth, Wolf Dietrich"]
[Black "Geringer, Waldemar"]
[Result "0-1"]
[WhiteElo "1985"]
[BlackElo "1951"]
[PlyCount "68"]
[EventDate "2012.04.05"]
[EventType "swiss"]
[EventRounds "7"]
[EventCountry "GER"]
[SourceTitle "EXT 2013"]
[Source "ChessBase"]
[SourceDate "2012.11.22"]
[SourceVersion "1"]
[SourceVersionDate "2012.11.22"]
[SourceQuality "1"]

1. d4 Nf6 2. c4 g6 3. Nc3 Bg7 4. e4 d6 5. Be2 0-0 6. f4 c5 7. d5 e6 8. Nf3 exd5 9. cxd5 Bg4 10. 0-0 Re8 11. h3 Bxf3 12. Bxf3 Nbd7 13. Re1 Qa5 14. a3 c4 15. Re2 Nc5 16. e5 dxe5 17. fxe5 Nfd7 18. e6 Ne5 19. exf7+ Kxf7 20. Ne4 Nxf3+ 21. gxf3 Rad8 22. Ng5+ Kg8 23. d6 Nd3 24. d7 Rxe2 25. Qxe2 Qe1+ 26. Qxe1 Nxe1 27. Be3 Nd3 28. Ne6 Rxd7 29. Nxg7 Kxg7 30. Bxa7 Nxb2 31. Rb1 c3 32. Rc1 Rd1+ 33. Rxd1 Nxd1 34. Bd4+ Kf7 0-1

[Event "Karl Mala Memorial op 14th"]
[Site "Frankfurt"]
[Date "2011.07.10"]
[Round "7"]
[White "Suendorf, Dominik"]
[Black "Geringer, Waldemar"]
[Result "0-1"]
[WhiteElo "1758"]
[BlackElo "1948"]
[PlyCount "40"]
[EventDate "2011.07.07"]
[EventType "swiss"]
[EventRounds "7"]
[EventCountry "GER"]
[SourceTitle "EXT 2012"]
[Source "ChessBase"]
[SourceDate "2011.11.24"]
[SourceVersion "1"]
[SourceVersionDate "2011.11.24"]
[SourceQuality "1"]

1. e4 c5 2. Nf3 d6 3. d4 cxd4 4. Nxd4 Nf6 5. Nc3 a6 6. Be3 e5 7. Nb3 Be6 8. Qd2 Nbd7 9. f4 b5 10. Bd3 b4 11. Nd5 Bxd5 12. exd5 Nxd5 13. Be4 Nxe3 14. Qxe3 Rc8 15. 0-0-0 Qc7 16. Bf5 Be7 17. fxe5 0-0 18. e6 Ne5 19. exf7+ Nxf7 20. Bxc8 Bg5 0-1

[Event "Frankfurt-ch"]
[Site "Frankfurt"]
[Date "2011.06.14"]
[Round "7"]
[White "Geringer, Waldemar"]
[Black "Reschke, Thomas"]
[Result "1/2-1/2"]
[WhiteElo "1956"]
[BlackElo "2198"]
[PlyCount "109"]
[EventDate "2011.05.02"]
[EventType "swiss"]
[EventRounds "7"]
[EventCountry "GER"]
[SourceTitle "EXT 2012"]
[Source "ChessBase"]
[SourceDate "2011.11.24"]
[SourceVersion "1"]
[SourceVersionDate "2011.11.24"]
[SourceQuality "1"]

1. d4 g6 2. c4 Bg7 3. Nc3 d6 4. e4 a6 5. Be3 c6 6. Qd2 b5 7. f3 Nd7 8. d5 b4 9. dxc6 bxc3 10. cxd7+ Bxd7 11. bxc3 Qa5 12. Bd4 Nf6 13. Bd3 0-0 14. Ne2 Rfc8 15. Rb1 Be6 16. Bb6 Qh5 17. Nf4 Bh6 18. Nxh5 Bxd2+ 19. Kxd2 Nxh5 20. Rb4 Nf4 21. g4 Rc6 22. e5 Nxd3 23. Kxd3 Bxc4+ 24. Rxc4 Rxb6 25. exd6 Rxd6+ 26. Kc2 Rad8 27. Kb3 Rd2 28. a4 Rf2 29. f4 Rb8+ 30. Rb4 Rxb4+ 31. cxb4 Rxf4 32. Rc1 Rf6 33. b5 axb5 34. axb5 Rb6 35. Kb4 f5 36. Rc8+ Kf7 37. Kc5 Rb7 38. Kc6 Ra7 39. b6 Ra6 40. Kb5 Ra2 41. Rc4 Ra8 42. g5 e5 43. b7 Rb8 44. Kb6 Ke6 45. Rc8 Rxb7+ 46. Kxb7 Kd5 47. Rc1 e4 48. Rc7 f4 49. Rxh7 e3 50. Rd7+ Ke4 51. Re7+ Kd3 52. Rd7+ Ke4 53. Re7+ Kd3 54. Rd7+ Ke4 55. Re7+ 1/2-1/2

[Event "Main Vogelsberg op 6th"]
[Site "Hanau"]
[Date "2011.06.03"]
[Round "3"]
[White "Will, Patrick"]
[Black "Geringer, Waldemar"]
[Result "1/2-1/2"]
[WhiteElo "2050"]
[BlackElo "1852"]
[PlyCount "96"]
[EventDate "2011.06.02"]
[EventType "swiss"]
[EventRounds "7"]
[EventCountry "GER"]
[SourceTitle "CBM 142 Extra"]
[Source "ChessBase"]
[SourceDate "2011.06.27"]
[SourceVersion "1"]
[SourceVersionDate "2011.06.27"]
[SourceQuality "1"]

1. d4 Nf6 2. c4 g6 3. g3 Bg7 4. Bg2 0-0 5. Nc3 d6 6. Nf3 Nbd7 7. 0-0 e5 8. e4 exd4 9. Nxd4 a6 10. h3 Rb8 11. Be3 Ne5 12. b3 c5 13. Nde2 Re8 14. Rc1 b5 15. f4 Ned7 16. Qc2 Bb7 17. Bf2 Qe7 18. Rfe1 bxc4 19. Nd5 Nxd5 20. exd5 cxb3 21. axb3 Qf6 22. Rb1 a5 23. Rbd1 Ba6 24. Nc1 Qc3 25. Qxc3 Bxc3 26. Rxe8+ Rxe8 27. Bf3 Nf6 28. Na2 Bb4 29. Nxb4 axb4 30. Rd2 Bb7 31. g4 Ra8 32. Bh4 Kg7 33. f5 h6 34. Bg3 Ra3 35. Bxd6 Rxb3 36. Bd1 Rc3 37. Be5 Re3 38. Bxf6+ Kxf6 39. d6 Re8 40. fxg6 fxg6 41. Bb3 Bc6 42. d7 Bxd7 43. Rxd7 Re3 44. Bc4 Rc3 45. Bf1 b3 46. Rc7 Rc1 47. Rb7 c4 48. Kf2 Ke5 1/2-1/2

[Event "Griesheim op"]
[Site "Griesheim"]
[Date "2011.05.??"]
[Round "3"]
[White "Geringer, Waldemar"]
[Black "Reuter, Klaus"]
[Result "1-0"]
[WhiteElo "1956"]
[BlackElo "1682"]
[PlyCount "109"]
[EventDate "2011.05.??"]
[EventType "swiss"]
[EventRounds "5"]
[EventCountry "GER"]
[SourceTitle "CBM 142 Extra"]
[Source "ChessBase"]
[SourceDate "2011.06.27"]
[SourceVersion "1"]
[SourceVersionDate "2011.06.27"]
[SourceQuality "1"]

1. d4 d5 2. Nf3 c6 3. c4 dxc4 4. g3 Nf6 5. Bg2 Bg4 6. Ne5 e6 7. Nxg4 Nxg4 8. h3 Nf6 9. 0-0 Bd6 10. e4 Bc7 11. Nc3 Nbd7 12. e5 Nd5 13. Qg4 Qe7 14. Qxg7 Qf8 15. Qxf8+ Nxf8 16. Bg5 Rg8 17. Ne4 b5 18. h4 Ng6 19. Nf6+ Kf8 20. Bh6+ Ke7 21. Nxg8+ Rxg8 22. a4 Bb6 23. Rfd1 Rc8 24. h5 Nf8 25. Be4 Nd7 26. Bg5+ f6 27. exf6+ N5xf6 28. Bxh7 Nf8 29. Be4 Kf7 30. Bf3 N8h7 31. Be3 Nd5 32. Kg2 Nhf6 33. Rh1 b4 34. g4 c5 35. dxc5 Nxe3+ 36. fxe3 Bxc5 37. g5 Nd5 38. Bxd5 exd5 39. Rhf1+ Kg8 40. Rad1 c3 41. Kf3 c2 42. Rc1 b3 43. Ke2 d4 44. e4 Ba3 45. bxa3 b2 46. Kd2 bxc1Q+ 47. Kxc1 d3 48. h6 Rc3 49. g6 Rxa3 50. Kd2 Rb3 51. g7 Rb1 52. Rf8+ Kh7 53. g8Q+ Kxh6 54. Rf6+ Kh5 55. Qh7+ 1-0

[Event "Karl Mala Memorial op 13th"]
[Site "Frankfurt"]
[Date "2010.07.11"]
[Round "6"]
[White "Anders, Eric"]
[Black "Geringer, Waldemar"]
[Result "0-1"]
[WhiteElo "1667"]
[BlackElo "1965"]
[PlyCount "48"]
[EventDate "2010.07.08"]
[EventType "swiss"]
[EventRounds "7"]
[EventCountry "GER"]
[SourceTitle "EXT 2012"]
[Source "ChessBase"]
[SourceDate "2011.11.24"]
[SourceVersion "1"]
[SourceVersionDate "2011.11.24"]
[SourceQuality "1"]

1. e4 c5 2. Nf3 d6 3. d4 cxd4 4. Nxd4 Nf6 5. Nc3 a6 6. Be3 e5 7. Nb3 Be6 8. Be2 Nbd7 9. f4 Rc8 10. Bf3 b5 11. f5 Bc4 12. Nd2 Nb6 13. Rb1 b4 14. Ne2 Bxa2 15. Ra1 Bc4 16. Bf2 Bb5 17. c3 d5 18. exd5 Nbxd5 19. Ne4 bxc3 20. Nxf6+ Nxf6 21. Qxd8+ Rxd8 22. bxc3 e4 23. Nd4 exf3 24. Nxf3 Be7 0-1

[Event "Karl Mala Memorial op 13th"]
[Site "Frankfurt"]
[Date "2010.07.11"]
[Round "7"]
[White "Geringer, Waldemar"]
[Black "Faldum, Manfred"]
[Result "1/2-1/2"]
[WhiteElo "1965"]
[BlackElo "1789"]
[PlyCount "120"]
[EventDate "2010.07.08"]
[EventType "swiss"]
[EventRounds "7"]
[EventCountry "GER"]
[SourceTitle "EXT 2012"]
[Source "ChessBase"]
[SourceDate "2011.11.24"]
[SourceVersion "1"]
[SourceVersionDate "2011.11.24"]
[SourceQuality "1"]

1. d4 Nf6 2. c4 g6 3. Nc3 Bg7 4. e4 d6 5. Nf3 0-0 6. Be2 e5 7. 0-0 Nc6 8. d5 Ne7 9. Ne1 Nd7 10. Be3 f5 11. f3 f4 12. Bf2 g5 13. a4 a5 14. Nd3 b6 15. Be1 Nf6 16. Nf2 h5 17. h3 Rf7 18. b4 Bf8 19. bxa5 bxa5 20. Nb5 Rg7 21. Bc3 Bd7 22. Qe1 Qc8 23. Ra2 g4 24. fxg4 hxg4 25. Bxg4 Bxg4 26. hxg4 Ng6 27. Bxa5 Nh4 28. Nxc7 Nxg4 29. Ne6 Ne3 30. Nxg7 Bxg7 31. Nd1 Nxf1 32. Kxf1 Qxc4+ 33. Re2 f3 34. gxf3 Nxf3 35. Qc3 Qxc3 36. Bxc3 Rxa4 37. Nb2 Ra8 38. Bb4 Ra1+ 39. Kf2 Nd4 40. Rd2 Bh6 41. Rd1 Rxd1 42. Nxd1 Nb5 43. Ne3 Bxe3+ 44. Kxe3 Kf7 45. Kd3 Ke7 46. Kc4 Nc7 47. Ba5 Ne8 48. Bd2 Kd7 49. Bg5 Nc7 50. Kd3 Ne8 51. Ke3 Nc7 52. Kf3 Ne8 53. Kg4 Ng7 54. Bf6 Ne8 55. Kf5 Nc7 56. Bg7 Ne8 57. Bxe5 dxe5 58. Kxe5 Ke7 59. Kd4 Nf6 60. e5 Nxd5 1/2-1/2

[Event "Karl Mala Memorial op 13th"]
[Site "Frankfurt"]
[Date "2010.07.10"]
[Round "5"]
[White "Perske, Thore"]
[Black "Geringer, Waldemar"]
[Result "1-0"]
[WhiteElo "1659"]
[BlackElo "1965"]
[PlyCount "121"]
[EventDate "2010.07.08"]
[EventType "swiss"]
[EventRounds "7"]
[EventCountry "GER"]
[SourceTitle "EXT 2012"]
[Source "ChessBase"]
[SourceDate "2011.11.24"]
[SourceVersion "1"]
[SourceVersionDate "2011.11.24"]
[SourceQuality "1"]

1. e4 c5 2. d3 Nc6 3. g3 g6 4. Bg2 Bg7 5. Nf3 d6 6. h3 Nf6 7. 0-0 0-0 8. Be3 Qb6 9. Bc1 c4 10. Nc3 cxd3 11. cxd3 e6 12. a3 Bd7 13. Qe2 Nh5 14. Be3 Nd4 15. Nxd4 Bxd4 16. Bxd4 Qxd4 17. Kh2 Bc6 18. Qe3 Qxe3 19. fxe3 Rac8 20. Rac1 Kg7 21. g4 Nf6 22. Bf3 Nd7 23. d4 Nb6 24. Be2 Na4 25. Nxa4 Bxa4 26. Bd3 e5 27. d5 a6 28. Kg3 Bb3 29. Kg2 b5 30. Kg3 Rfd8 31. Kg2 Kf8 32. Kf2 Ke7 33. Ke2 Rc5 34. Rxc5 dxc5 35. Kd2 c4 36. Bc2 Bxc2 37. Kxc2 Rd6 38. g5 f6 39. h4 a5 40. Kc3 h6 41. Rg1 hxg5 42. hxg5 fxg5 43. Rxg5 Kf6 44. Rg1 g5 45. a4 Rb6 46. Rf1+ Kg6 47. axb5 Rxb5 48. d6 Rb3+ 49. Kxc4 Rxb2 50. Rd1 Rb8 51. Kd5 Kf7 52. Rf1+ Ke8 53. Ke6 Rb6 54. Rg1 a4 55. Rxg5 Kf8 56. Rxe5 Ra6 57. Rf5+ Kg7 58. Ke7 a3 59. d7 Ra7 60. Ke8 a2 61. Rf1 1-0

[Event "Karl Mala Memorial op 13th"]
[Site "Frankfurt"]
[Date "2010.07.08"]
[Round "1"]
[White "Geringer, Waldemar"]
[Black "Dittmar, Lars"]
[Result "1-0"]
[WhiteElo "1965"]
[BlackElo "1299"]
[PlyCount "63"]
[EventDate "2010.07.08"]
[EventType "swiss"]
[EventRounds "7"]
[EventCountry "GER"]
[SourceTitle "EXT 2012"]
[Source "ChessBase"]
[SourceDate "2011.11.24"]
[SourceVersion "1"]
[SourceVersionDate "2011.11.24"]
[SourceQuality "1"]

1. d4 d5 2. Nf3 e6 3. c4 c5 4. g3 dxc4 5. Qa4+ Nc6 6. Bg2 a6 7. Ne5 Qa5+ 8. Qxa5 Nxa5 9. Bd2 f6 10. Bxa5 fxe5 11. dxe5 Ne7 12. Nc3 Ng6 13. f4 Be7 14. Rd1 0-0 15. Ne4 b5 16. Nd6 Ra7 17. Bb6 Bxd6 18. exd6 Raf7 19. Bc6 Bd7 20. Bxd7 Rxd7 21. e4 e5 22. f5 Nh8 23. Ke2 Nf7 24. Bxc5 Rfd8 25. Bb6 Rb8 26. Bc7 Rc8 27. Rd5 Re8 28. Rhd1 Ng5 29. Ke3 Nh3 30. a4 Rc8 31. axb5 axb5 32. Rxb5 1-0

[Event "Frankfurt-ch"]
[Site "Frankfurt"]
[Date "2010.05.03"]
[Round "2"]
[White "Uwira, Oliver"]
[Black "Geringer, Waldemar"]
[Result "1-0"]
[WhiteElo "2230"]
[BlackElo "1949"]
[PlyCount "73"]
[EventDate "2010.04.26"]
[EventType "swiss"]
[EventRounds "7"]
[EventCountry "GER"]
[SourceTitle "EXT 2011"]
[Source "ChessBase"]
[SourceDate "2010.11.26"]
[SourceVersion "1"]
[SourceVersionDate "2010.11.26"]
[SourceQuality "1"]

1. d4 Nf6 2. c4 g6 3. Nc3 Bg7 4. e4 d6 5. f4 0-0 6. Nf3 Nbd7 7. Be3 e5 8. fxe5 dxe5 9. d5 Re8 10. Bd3 Qe7 11. Qe2 Nc5 12. Bc2 a5 13. 0-0 Ng4 14. Bg5 f6 15. Bd2 Bd7 16. h3 Nh6 17. Rae1 Nf7 18. Qf2 Na6 19. a3 Nd6 20. c5 Nb5 21. d6 cxd6 22. Bb3+ Kh8 23. Nd5 Qd8 24. cxd6 Nxd6 25. Nb6 Bb5 26. Nxa8 Bxf1 27. Kxf1 Qxa8 28. Qb6 Qd8 29. Bxa5 Qxb6 30. Bxb6 Rc8 31. Bd5 Rc2 32. Re2 Rc1+ 33. Ne1 Bh6 34. Rc2 f5 35. Rxc1 Bxc1 36. Nd3 Nc8 37. Bd8 1-0

[Event "Hessen-ch Gr-C 64th"]
[Site "Bad Vilbel"]
[Date "2010.04.04"]
[Round "7"]
[White "Geringer, Waldemar"]
[Black "Juhnke, Peter"]
[Result "1-0"]
[WhiteElo "1949"]
[BlackElo "1931"]
[PlyCount "105"]
[EventDate "2010.03.31"]
[EventType "swiss"]
[EventRounds "7"]
[EventCountry "GER"]
[SourceTitle "EXT 2011"]
[Source "ChessBase"]
[SourceDate "2010.11.26"]
[SourceVersion "1"]
[SourceVersionDate "2010.11.26"]
[SourceQuality "1"]

1. d4 c5 2. d5 e5 3. dxe6 fxe6 4. e4 Nc6 5. Nf3 Be7 6. Bf4 Nf6 7. Nc3 a6 8. Bd6 0-0 9. e5 Ne8 10. Ne4 Nxd6 11. Nxd6 Bxd6 12. Qxd6 Qe7 13. 0-0-0 Qxd6 14. exd6 b5 15. Bd3 Bb7 16. Be4 Rab8 17. Rhe1 h6 18. Bxc6 Bxc6 19. Ne5 Rb6 20. f3 Rd8 21. h4 Bd5 22. b3 c4 23. Rd4 Rxd6 24. bxc4 bxc4 25. Nxc4 Rc6 26. Na5 Rc3 27. Kb2 Rdc8 28. Re2 g6 29. Nb3 R3c4 30. Red2 Kf7 31. Nc1 Rb8+ 32. Nb3 Rbc8 33. Kc1 Kf6 34. Kd1 g5 35. hxg5+ hxg5 36. a4 Ke5 37. a5 Rxd4 38. Rxd4 Bxb3 39. Re4+ Kf5 40. cxb3 d5 41. Rb4 e5 42. g4+ Ke6 43. Rb6+ Kd7 44. Rxa6 Rc3 45. Rb6 Rxf3 46. a6 Kc7 47. Rb7+ Kc6 48. b4 Ra3 49. b5+ Kc5 50. a7 e4 51. b6 Kd4 52. Rb8 Kd3 53. a8Q 1-0

[Event "Hessen-ch Gr-C 64th"]
[Site "Bad Vilbel"]
[Date "2010.04.03"]
[Round "6"]
[White "Will, Patrick"]
[Black "Geringer, Waldemar"]
[Result "1-0"]
[WhiteElo "1886"]
[BlackElo "1949"]
[PlyCount "75"]
[EventDate "2010.03.31"]
[EventType "swiss"]
[EventRounds "7"]
[EventCountry "GER"]
[SourceTitle "EXT 2011"]
[Source "ChessBase"]
[SourceDate "2010.11.26"]
[SourceVersion "1"]
[SourceVersionDate "2010.11.26"]
[SourceQuality "1"]

1. d4 Nf6 2. c4 g6 3. Nf3 Bg7 4. Nc3 0-0 5. e4 d6 6. Be2 e5 7. 0-0 Nc6 8. d5 Ne7 9. Nd2 Nd7 10. b4 f5 11. Ba3 Nf6 12. f3 f4 13. c5 g5 14. Nc4 Ng6 15. b5 Ne8 16. b6 axb6 17. cxd6 cxd6 18. Nb5 Rf6 19. Rc1 Nh4 20. Qb3 Rh6 21. Rc2 g4 22. fxg4 Nxg2 23. Kxg2 Qh4 24. h3 Nf6 25. Ncxd6 Bxg4 26. Bxg4 Nxg4 27. Rf3 Ne3+ 28. Rxe3 fxe3 29. Qxe3 Rg6+ 30. Kh2 Bh6 31. Nf5 Bf4+ 32. Kh1 Qh5 33. Qd3 Be3 34. Qf1 Rg1+ 35. Qxg1+ Bxg1 36. Rg2+ Kh8 37. Be7 Qg6 38. Kxg1 1-0

[Event "Hessen-ch Gr-C 64th"]
[Site "Bad Vilbel"]
[Date "2010.04.02"]
[Round "4"]
[White "Geringer, Waldemar"]
[Black "Haftmann, Rainer"]
[Result "1-0"]
[WhiteElo "1949"]
[BlackElo "1881"]
[PlyCount "105"]
[EventDate "2010.03.31"]
[EventType "swiss"]
[EventRounds "7"]
[EventCountry "GER"]
[SourceTitle "EXT 2011"]
[Source "ChessBase"]
[SourceDate "2010.11.26"]
[SourceVersion "1"]
[SourceVersionDate "2010.11.26"]
[SourceQuality "1"]

1. d4 d5 2. Nf3 Nf6 3. c4 c6 4. g3 Bf5 5. Bg2 e6 6. 0-0 Bd6 7. Nc3 0-0 8. b3 Nbd7 9. Bb2 Re8 10. Nh4 Bg6 11. Nxg6 hxg6 12. e4 dxe4 13. Nxe4 Nxe4 14. Bxe4 Nf6 15. Bg2 Qa5 16. d5 exd5 17. Bxf6 gxf6 18. cxd5 c5 19. a4 Rad8 20. Rc1 Re5 21. Rc4 Kg7 22. Qd3 Rde8 23. Re4 Rxe4 24. Bxe4 Qb4 25. Bf3 a6 26. Kg2 b5 27. axb5 axb5 28. Be2 Rb8 29. Ra1 Be5 30. Ra6 Qd4 31. Ra5 b4 32. f4 Qxd3 33. Bxd3 Bd4 34. g4 Rd8 35. Bc4 f5 36. g5 Rd7 37. Ra8 Rd6 38. Kf3 f6 39. Ra7+ Kf8 40. Rc7 fxg5 41. fxg5 Ke8 42. Kf4 Bg1 43. Rh7 Rd7 44. Rh6 Rg7 45. Ke5 Bd4+ 46. Kd6 f4 47. Kc6 Rg8 48. d6 Rf8 49. Kc7 Be5 50. Rxg6 Rf7+ 51. Bxf7+ Kxf7 52. Rh6 f3 53. Rh3 1-0